Dignidad y derechos de la persona humana: documento sobre los derechos del hombre
Збережено в:
| Співавтор: | |
|---|---|
| Формат: | Книга |
| Мова: | Іспанська |
| Опубліковано: |
Santiago
Paulinas
1987
|
| Редагування: | 2a. ed |
| Предмети: | |
| Теги: |
Додати тег
Немає тегів, Будьте першим, хто поставить тег для цього запису!
|
MARC
| LEADER | 00000cam a2200000 a 4500 | ||
|---|---|---|---|
| 001 | UCX6417 | ||
| 003 | CL-VaPUC | ||
| 008 | 930608e19870000CL |||||||||||||||||spa|d | ||
| 082 | 0 | 4 | |a 261 |b COM |2 21 |
| 110 | 2 | |a Comisión Teológica Internacional |e author |9 322895 | |
| 245 | 1 | 0 | |a Dignidad y derechos de la persona humana: documento sobre los derechos del hombre |
| 250 | |a 2a. ed | ||
| 300 | |a 40 p | ||
| 942 | |c BK | ||
| 945 | |d 19930608 00:00:00 |a aalvarez | ||
| 260 | |a Santiago |b Paulinas |c 1987 | ||
| 600 | 0 | |a Iglesia católica |9 255129 | |
| 650 | 7 | |a DERECHOS CIVILES ASPECTOS RELIGIOSOS |2 CL-VaPUC |9 322896 | |
| 583 | |a last modification |c 20160726 01:48:26 |k Rodrigo Vera | ||
| 999 | |c 226439 |d 226437 | ||
| 952 | |0 0 |1 0 |4 0 |6 261_000000000000000_COM_1987 |7 0 |8 A |9 224779 |a BIBTEO |b BIBTEO |d 2019-11-15 |i 2935244 |o 261 COM 1987 |p 2935244 |r 2025-01-17 |w 2019-11-15 |y BK |k ICR | ||
| 952 | |0 0 |1 0 |4 0 |6 261_000000000000000_COM_1987 |7 0 |8 A |9 224780 |a BIBCUR |b BIBCUR |d 2019-11-15 |i 3053709 |o 261 COM 1987 |p 3053709 |r 2024-01-29 |w 2019-11-15 |y BK |k PER | ||
| 952 | |0 0 |1 0 |3 erb |4 0 |6 261_000000000000000_COM_1987 |7 0 |8 A |9 224782 |a BIBTEO |b BIBTEO |e Villagrán Garnham, Jorge |i 5317614 |o 261 COM 1987 |p 5317614 |r 2025-01-17 |w 2019-11-15 |y BK |z Catalogado en:20160731 |k ICR | ||